Guess the Fusion Rock Song Lyrics #360 - Statistics

General Stats
  • This quiz has been taken 15 times
  • The average score is 134 of 204
Answer Stats
Answer % Correct
a
100%
I
100%
in
92%
it
92%
love
92%
me
92%
by
85%
By
85%
could
85%
give
85%
the
85%
to
85%
you
85%
You
85%
all
77%
Had
77%
had
77%
have
77%
Then
77%
we
77%
We
77%
Down
69%
down
69%
gave
69%
like
69%
that
69%
Up
69%
up
69%
Why
69%
why
69%
did
62%
made
62%
thought
62%
Our
54%
Without
54%
You've
54%
you've
54%
high
46%
sky
46%
top
46%
Blown
38%
blown
38%
fly
38%
reason
38%
stop
38%
Jigsaw
31%
lie
31%
Round
31%
telling
31%
touched
31%
wind
31%
wings
31%
flown
23%
spin
23%
stone
23%
Thrown
15%
thrown
15%
No matching quizzes found
Score Distribution
Percent of People with Each Score
Percentile by Number Answered
Your Score History
You have not taken this quiz